| 000 | 01135nam a2200289 a 4500 | ||
|---|---|---|---|
| 001 | ebr5003897 | ||
| 003 | CaPaEBR | ||
| 006 | m u | ||
| 007 | cr cn||||||||| | ||
| 008 | 980109s1998 ctu sb 001 0 eng | ||
| 010 | _z 98010826 | ||
| 020 | _z1567201466 (alk. paper) | ||
| 040 |
_aCaPaEBR _cCaPaEBR |
||
| 035 | _a(OCoLC)70769043 | ||
| 050 | 1 | 4 |
_aHF5548.8 _b.G397 1998eb |
| 082 | 0 | 4 |
_a158.7 _221 |
| 100 | 1 | _aGellerman, Saul W. | |
| 245 | 1 | 0 |
_aHow people work _h[electronic resource] : _bpsychological approaches to management problems / _cSaul W. Gellerman. |
| 260 |
_aWestport, Conn. : _bQuorum, _c1998. |
||
| 300 | _axiii, 214 p. | ||
| 504 | _aIncludes bibliographical references (p. [207]-209) and index. | ||
| 533 |
_aElectronic reproduction. _bPalo Alto, Calif. : _cebrary, _d2013. _nAvailable via World Wide Web. _nAccess may be limited to ebrary affiliated libraries. |
||
| 650 | 0 | _aPsychology, Industrial. | |
| 655 | 7 |
_aElectronic books. _2local |
|
| 710 | 2 | _aebrary, Inc. | |
| 856 | 4 | 0 |
_uhttp://site.ebrary.com/lib/rucke/Doc?id=5003897 _zAn electronic book accessible through the World Wide Web; click to view |
| 999 |
_c662 _d662 |
||